000 00403pab a2200169 454500
008 180718b2010 xxu||||| |||| 00| 0 eng d
100 _aKujur, Joseph Marianus
245 _aCultural rights of Adivasis
260 _c2010
300 _ap.323-338.
362 _aOct-Dec
650 _aCultural rights
650 _aIndigenous populations
773 _aSocial Action
908 _aN
909 _a89461
999 _c89461
_d89461